[Event "Ramat Gan Winter op"]
[Site "Ramat Gan"]
[Date "2023.01.07"]
[Round "3"]
[White "Aizenberg, Benny"]
[Black "Horesh, Tal"]
[Result "0-1"]
[WhiteElo "2348"]
[BlackElo "1942"]
[PlyCount "58"]
[EventDate "2023.01.07"]
[EventType "swiss (rapid)"]
[EventRounds "6"]
[EventCountry "ISR"]
[SourceTitle "CBM 212 Extra"]
[Source "ChessBase"]
[SourceDate "2023.03.31"]
[SourceVersion "1"]
[SourceVersionDate "2023.03.31"]
[SourceQuality "1"]

1. e4 d6 2. d4 Nf6 3. Nc3 g6 4. f4 Bg7 5. Nf3 0-0 6. Bd3 c6 7. e5 Nd5 8. Nxd5 cxd5 9. h4 h5 10. Ng5 Bg4 11. Be2 Bxe2 12. Qxe2 Qa5+ 13. Bd2 Qb6 14. 0-0-0 Nc6 15. c3 Rac8 16. Kb1 Na5 17. Ka1 dxe5 18. fxe5 f6 19. Nf3 Nc4 20. Bc1 fxe5 21. Nxe5 Bxe5 22. dxe5 Rf2 23. Qd3 Rxb2 24. Rhf1 Rc5 25. a4 Ra5 26. Qxc4 Rb1+ 27. Ka2 dxc4 28. Rd8+ Qxd8 29. Kxb1 Qd3+ 0-1

[Event "Ramat Gan Winter op"]
[Site "Ramat Gan"]
[Date "2023.01.07"]
[Round "4"]
[White "Horesh, Tal"]
[Black "Ehrlich, Roy"]
[Result "0-1"]
[WhiteElo "1942"]
[BlackElo "2202"]
[PlyCount "40"]
[EventDate "2023.01.07"]
[EventType "swiss (rapid)"]
[EventRounds "6"]
[EventCountry "ISR"]
[SourceTitle "CBM 212 Extra"]
[Source "ChessBase"]
[SourceDate "2023.03.31"]
[SourceVersion "1"]
[SourceVersionDate "2023.03.31"]
[SourceQuality "1"]

1. e4 e6 2. d4 d5 3. Nd2 c5 4. Ngf3 cxd4 5. Nxd4 Nf6 6. exd5 Qxd5 7. N2f3 Bc5 8. Bb5+ Bd7 9. c4 Qe4+ 10. Qe2 Bxd4 11. Qxe4 Bxf2+ 12. Kxf2 Nxe4+ 13. Ke3 Bxb5 14. cxb5 Nf6 15. Ne5 Nbd7 16. Nc4 0-0 17. b3 Rfd8 18. Ba3 a6 19. bxa6 b5 20. Be7 Nd5+ 0-1

[Event "Ramat Gan Winter op"]
[Site "Ramat Gan"]
[Date "2023.01.07"]
[Round "5"]
[White "Noy, Eyal"]
[Black "Horesh, Tal"]
[Result "1-0"]
[WhiteElo "2117"]
[BlackElo "1942"]
[PlyCount "63"]
[EventDate "2023.01.07"]
[EventType "swiss (rapid)"]
[EventRounds "6"]
[EventCountry "ISR"]
[SourceTitle "CBM 212 Extra"]
[Source "ChessBase"]
[SourceDate "2023.03.31"]
[SourceVersion "1"]
[SourceVersionDate "2023.03.31"]
[SourceQuality "1"]

1. d4 Nf6 2. c4 e6 3. Nf3 Bb4+ 4. Nbd2 d5 5. g3 0-0 6. Bg2 c6 7. 0-0 Nbd7 8. Qc2 b6 9. Rd1 Bb7 10. e4 dxe4 11. Nxe4 Nxe4 12. Qxe4 Nf6 13. Qe2 Qc7 14. c5 bxc5 15. a3 Ba5 16. dxc5 Nd5 17. b4 Nc3 18. Qc2 Nxd1 19. Bf4 Qc8 20. bxa5 Nxf2 21. Ng5 g6 22. Qxf2 f6 23. Ne4 e5 24. Bh6 Rf7 25. Nd6 Qe6 26. Nxf7 Qxf7 27. Qa2 Qxa2 28. Rxa2 g5 29. Rd2 Rc8 30. Rd7 Ba6 31. Bh3 Rb8 32. Be6+ 1-0

[Event "Ramat Gan Winter op"]
[Site "Ramat Gan"]
[Date "2023.01.07"]
[Round "1"]
[White "Ribshtein, Nati"]
[Black "Horesh, Tal"]
[Result "1/2-1/2"]
[WhiteElo "2255"]
[BlackElo "1942"]
[PlyCount "74"]
[EventDate "2023.01.07"]
[EventType "swiss (rapid)"]
[EventRounds "6"]
[EventCountry "ISR"]
[SourceTitle "CBM 212 Extra"]
[Source "ChessBase"]
[SourceDate "2023.03.31"]
[SourceVersion "1"]
[SourceVersionDate "2023.03.31"]
[SourceQuality "1"]

1. d4 Nf6 2. c4 e6 3. g3 d5 4. Bg2 c6 5. Nd2 Nbd7 6. Ngf3 Bd6 7. 0-0 0-0 8. Qc2 b5 9. b3 bxc4 10. bxc4 Rb8 11. e4 dxe4 12. Nxe4 Nxe4 13. Qxe4 Nf6 14. Qxc6 Bb7 15. Qa4 Be4 16. Be3 Rb4 17. Qxa7 Rxc4 18. Nd2 Bxg2 19. Nxc4 Bxf1 20. Rxf1 Bb8 21. Qb7 Nd5 22. a4 Qc8 23. Qxc8 Rxc8 24. Rb1 Ba7 25. Nd6 Rc6 26. Nb5 Bb6 27. Rc1 Rxc1+ 28. Bxc1 Ba5 29. Kf1 Nb6 30. Ke2 Nxa4 31. Kd3 Nb6 32. Ba3 Nd5 33. Nd6 Bb4 34. Bxb4 Nxb4+ 35. Ke4 Nd5 36. Nc4 Kf8 37. Ne3 Nf6+ 1/2-1/2

[Event "ISR-ch"]
[Site "Beersheba"]
[Date "2014.06.17"]
[Round "1"]
[White "Horesh, Tal"]
[Black "Ben Artzi, Ido"]
[Result "0-1"]
[WhiteElo "2139"]
[BlackElo "2359"]
[PlyCount "138"]
[EventDate "2014.06.17"]
[EventType "swiss"]
[EventRounds "9"]
[EventCountry "ISR"]
[SourceTitle "CBM 161 Extra"]
[Source "ChessBase"]
[SourceDate "2014.08.29"]
[SourceVersion "1"]
[SourceVersionDate "2014.08.29"]
[SourceQuality "1"]

1. d4 Nf6 2. c4 g6 3. Nc3 d5 4. e3 Bg7 5. Nf3 0-0 6. cxd5 Nxd5 7. Bc4 Nxc3 8. bxc3 c5 9. 0-0 Qc7 10. Qe2 Bg4 11. Bd5 e6 12. Be4 f5 13. Bd3 e5 14. dxe5 Bxe5 15. h3 Bh5 16. Rb1 Nc6 17. Bb5 Na5 18. Ba3 Bxf3 19. Qxf3 b6 20. Rfd1 Rad8 21. c4 Rxd1+ 22. Rxd1 Rd8 23. Rd5 Kg7 24. h4 h5 25. Bc1 Bf6 26. g3 Qb7 27. e4 Qe7 28. Qf4 Rxd5 29. exd5 Kf7 30. Be3 Nb7 31. Qb8 Nd6 32. Bf4 Bd4 33. Kf1 Nxb5 34. cxb5 Qd7 35. Qc7 Qxc7 36. Bxc7 Ke7 37. Bb8 Kd7 38. f3 Bf6 39. Bf4 Be7 40. Be5 g5 41. hxg5 Bxg5 42. Ke2 c4 43. f4 Be7 44. a4 Bd6 45. Bf6 Bc5 46. Be5 Bb4 47. Bg7 Ke7 48. Be5 Bd6 49. Bd4 Bb4 50. Be5 Kd7 51. Bg7 Be7 52. Be5 Bc5 53. Kf3 Bd6 54. Bd4 Ke7 55. Ke2 Bc7 56. Kd2 Bxf4+ 57. gxf4 Kd6 58. Kc3 Kxd5 59. Bf2 Ke4 60. Kxc4 Kf3 61. Bg1 h4 62. Kd5 h3 63. Kc6 Kg2 64. Kb7 Kxg1 65. Kxa7 h2 66. Kxb6 h1Q 67. a5 Qa8 68. a6 Qb8+ 69. Ka5 Qc7+ 0-1